A Speedy Geography Quiz - Statistics

General Stats
  • This quiz has been taken 106 times
  • The average score is 43 of 48
Answer Stats
Question Tile Select % Correct
Countries In North America (Includes Caribbean) Algeria No
99%
Countries In North America (Includes Caribbean) Bulgaria No
99%
Countries In North America (Includes Caribbean) China No
99%
Countries In North America (Includes Caribbean) D.R. Congo No
99%
Countries In North America (Includes Caribbean) Hungary No
99%
Countries In North America (Includes Caribbean) India No
99%
Countries In North America (Includes Caribbean) Russia No
99%
Pick the countries that don't exist anymore / Is the old name of a country Canada No
97%
Pick the countries that don't exist anymore / Is the old name of a country Guatemala No
97%
Pick the countries that don't exist anymore / Is the old name of a country Indonesia No
97%
Pick the countries that don't exist anymore / Is the old name of a country Japan No
97%
Pick the countries that don't exist anymore / Is the old name of a country United Kingdom No
97%
Pick the countries that don't exist anymore / Is the old name of a country China No
96%
Capital Cities Chicago No
95%
Countries In North America (Includes Caribbean) Argentina No
94%
Pick the countries that don't exist anymore / Is the old name of a country Austria-Hungary Yes
94%
Pick the countries that don't exist anymore / Is the old name of a country East Germany Yes
94%
Capital Cities London Yes
94%
Countries In North America (Includes Caribbean) Chile No
92%
Pick the countries that don't exist anymore / Is the old name of a country Czechoslovakia Yes
92%
Countries In North America (Includes Caribbean) The Bahamas Yes
92%
Capital Cities Cairo Yes
91%
Pick the countries that don't exist anymore / Is the old name of a country Soviet Union (USSR) Yes
91%
Pick the countries that don't exist anymore / Is the old name of a country Yugoslavia Yes
91%
Capital Cities Barcelona No
90%
Pick the countries that don't exist anymore / Is the old name of a country North Macedonia No
90%
Capital Cities Toronto No
90%
Capital Cities Amsterdam Yes
87%
Countries In North America (Includes Caribbean) Antigua & Barbuda Yes
87%
Countries In North America (Includes Caribbean) Cuba Yes
87%
Capital Cities Moscow Yes
87%
Countries In North America (Includes Caribbean) Mexico Yes
86%
Capital Cities Shanghai No
86%
Countries In North America (Includes Caribbean) Canada Yes
85%
Pick the countries that don't exist anymore / Is the old name of a country British Honduras Yes
84%
Capital Cities Rio de Janeiro No
84%
Pick the countries that don't exist anymore / Is the old name of a country Siam Yes
84%
Countries In North America (Includes Caribbean) Saint Kitts & Nevis Yes
82%
Capital Cities Sofia Yes
81%
Pick the countries that don't exist anymore / Is the old name of a country Swaziland Yes
81%
Capital Cities Lagos No
80%
Capital Cities Santiago Yes
80%
Pick the countries that don't exist anymore / Is the old name of a country Mali Federation Yes
78%
Countries In North America (Includes Caribbean) Honduras Yes
76%
Capital Cities Caracas Yes
75%
Capital Cities Rabat Yes
73%
Capital Cities Johannesburg No
67%
Capital Cities Asunción Yes
65%
No matching quizzes found
Score Distribution
Percent of People with Each Score
Percentile by Number Answered
Your Score History
You have not taken this quiz